000 00570nam a2200121Ia 4500
008 220620s9999||||xx |||||||||||||| ||und||
100 _aDavino, Cristina||LAMBERTI, GIUSEPPE
245 0 _aChapter Linear regression pathmox segmentation tree: the case of visitors’ satisfaction to attend a Spanish football match at the stadium
546 _aEnglish[eng]
650 _apathmox||linear regression||segmentation tree||decision making||heterogeneity||visitors satisfaction
856 _uhttps://library.oapen.org/bitstream/20.500.12657/56361/1/26244.pdf
942 _cEB
999 _c25458
_d25458